Normal view
MARC view
Entry Personal Name
001 - CONTROL NUMBER
- control field: 1236887
003 - CONTROL NUMBER IDENTIFIER
- control field: OSt
005 - DATE AND TIME OF LATEST TRANSACTION
- control field: 20260430150232.0
008 - FIXED-LENGTH DATA ELEMENTS
- fixed length control field: 260430|| aca||aabn | a|a d
040 ## - CATALOGING SOURCE
- Original cataloging agency: OSt
- Transcribing agency: OSt
100 ## - HEADING--PERSONAL NAME
- Personal name: University of Delhi. Faculty of Interdisciplinary & Applied Sciences. Department of Electronics Science
670 ## - SOURCE DATA FOUND
- Source citation: Work cat.: (OSt)1849287: Dubey Avashesh Au.; Gupta Mridula Gu.; Saxena Manoj Gu. 1236886, Modeling and Simulation of Radiation Induced Effects in Field Effect Transistors, 2021
